000 00969nam a22002537a 4500
005 20240530110354.0
008 141230s2010 ua g b 000 0 ara d
017 _a2010/1937
_bمصر . دار الكتب المصرية
020 _a9772327651
040 _aEG-CaGPL
041 0 _aara
082 0 4 _221
_a371.91247\
_bم ت
100 0 _aمجدى عزيز ابراهيم
245 1 2 _aالتفاعل الصفى :
_bمنطلق لتعليم الرياضيات للمعاقين تعليميا /
_cمجدى عزيز ابراهيم
250 _aط1
260 _aالقاهرة :
_bعالم الكتب ،
_c2010
300 _a294 ص ؛
_b24 سم
490 _aسلسلة تدريس الرياضيات لذوى الاحتياجات الخاصة ؛
_v7
504 _aببليوجرافية : ص 287 - 294
650 0 4 _aالمعوقون
_xتعليم
650 0 4 _aالرياضيات
_xتعليم
942 _2ddc
_cBK
999 _c60128
_d60128